Responses for Show #2392 - Tuesday, January 17, 1995

Jim Morgan game 3.

Contestants

[<< previous game]

Mary-Carol Riehs, a homemaker from Skokie, Illinois

Steve Lauterbach, a foreign services officer from Arlington, Virginia

Jim Morgan, a personnel manager from New Brunswick, New Jersey (whose 2-day cash winnings total $9,398)

[next game >>]

Jeopardy! Round responses

1923
BASEBALL HISTORY
TRAVEL U.S.A.
DANCE
ECOLOGY
ODDS & ENDS
    $100 8
Mussolini

Jim
    $100 26
the Baltimore Orioles

Steve
    $100 1
Dallas

Mary-Carol
    $100 2
Japan

Jim
    $100 13
a magnet

Jim
    $100 14
Santa Claus

Jim
    $200 9
Joseph Conrad

Steve
    $200 27
the Red Sox

Jim
    $200 3
North Carolina

Steve
    $200 7
chess

Jim
    $200 22
diapers

Jim
    $200 15
a coma

Jim
    $300 10
Sacco

Jim
    $300 28
Ty Cobb

Steve
    $300 4
Florida

Jim
    $300 19
the caller

Mary-Carol
    $300 23
paint

Jim
    $300 16
the International Monetary Fund

Mary-Carol
    $400 11
Monet

Jim
    $400 29
Cy Young

Steve
    $400 5
(Jim: What is an English garden?)

a topiary garden

Jim
    $400 20
the fandango

Mary-Carol
    $400 24
glass

Triple Stumper
    $400 17
copper

Jim
    $500 12
the Teapot Dome scandal

Triple Stumper
    $500 30
Casey Stengel

Steve
    $500 6
Lake Havasu City, Arizona

Mary-Carol
    $500 21
the cancan

Jim
    $500 25
plastic

Mary-Carol
    $500 18
the Confederacy

Jim

Scores at the first commercial break (after clue 15):

Jim Steve Mary-Carol
$1,400 $400 $600

Scores at the end of the Jeopardy! Round:

Jim Steve Mary-Carol
$3,500 $1,700 $2,100

Double Jeopardy! Round responses

ELIZABETH'S COURT
COLLEGES & UNIVERSITIES
THE INSECT WORLD
POTENT POTABLES
RIVER BASINS
PLAYWRIGHTS
    $200 21
the Northwest Passage

Steve
    $200 1
the University of Hawaii

Jim
    $200 30
(Jim: What is the thorax?)

the legs

JimSteve
    $200 16
an Apple

Steve
    $200 11
the Mississippi

Steve
    $200 2
Ibsen

Steve
    $400 22
(Steve: Who is de Soto?)

Sir Walter Raleigh

Steve
Triple Stumper
    $400 3
(Jim: What is Cape Town?)

Johannesburg

JimSteve
    $400 29
an eye

Mary-Carol
    $400 17
Chile

Jim
    $400 12
the Potomac

Jim
    $400 7
Sherlock Holmes

Mary-Carol
    $600 23
(Alex: We have less than a minute to go.)

Drake

Jim
    $600 4
Boutros-Ghali

Steve
    $600 26
honeydew

Jim
    $600 18
Cognac

Mary-Carol
    $600 13
(Mary-Carol: What's the Loire?)

the Seine

SteveMary-Carol
    $600 8
(Edward) Albee

Steve
    $800 24
Essex

Mary-Carol
    $800 5
(Mary-Carol: What is UCLA?)

USC (the University of Southern California)

SteveMary-Carol
    $800 27
antennae

Jim
    $800 19
grenadine

Mary-Carol
    $800 14
the Amazon

Steve
    $1,000 9
(Steve: Who is Paton?)

Athol Fugard

Steve
    $1000 25
Lady Jane Grey

Jim
    $1000 6
Syracuse University

Steve
    $1000 28
a damselfly

Jim
    $1000 20
Malmsey

Triple Stumper
    $1,000 15
the Po River

Steve
    $1000 10
John Osborne

Steve

Scores at the end of the Double Jeopardy! Round:

Jim Steve Mary-Carol
$7,900 $8,100 $3,700

[wagering suggestions for these scores]

Final Jeopardy! Round responses

20th CENTURY PERSONALITIES
(Alex: [To Steve] We were talking about World War I; you made Mario Lanza a little older than he was.)
Mary-CarolWho is Caruso?
$300
JimWho is Caruso?
$0
SteveWho is Lanza?
$7,901
Enrico Caruso

Final scores:

Jim Steve Mary-Carol
$7,900 $199 $4,000
3-day champion: $17,298 3rd place: Samsung 27" TV + Jeopardy! home game 2nd place: Dynamark security system + Hammerman rings + Jeopardy! home game

Game dynamics:

Coryat scores:

Jim Steve Mary-Carol
$8,300 $9,100 $3,700
23 R,
3 W
(including 1 DD)
20 R
(including 1 DD),
2 W
(including 1 DD)
11 R,
2 W

Combined Coryat: $21,100

[game clues] [game scores] [suggest correction]

Game tape date: 1994-10-26
The J! Archive is created by fans, for fans. Scraping, republication, monetization, and malicious use prohibited; this site may use cookies and collect identifying information. See terms. The Jeopardy! game show and all elements thereof, including but not limited to copyright and trademark thereto, are the property of Jeopardy Productions, Inc. and are protected under law. This website is not affiliated with, sponsored by, or operated by Jeopardy Productions, Inc. Join the discussion at JBoard.tv.